| 000 | 01128nac a22002531u 4500 | ||
|---|---|---|---|
| 010 | _a2004053065 | ||
| 020 | _a007287516X (alk. paper) | ||
| 082 | 0 | 0 |
_a658.4 _bI932 |
| 090 |
_c1481 _d1481 |
||
| 100 | _aIvancevich, John M. | ||
| 245 | 1 | 0 |
_aOrganizational behavior and management / _cJohn M. Ivancevich, Robert Konopaske, Michael T. Matteson. |
| 250 | _a7th ed. | ||
| 260 |
_aBoston : _bMcGraw-Hill/Irwin,2005 _cc2005. |
||
| 300 |
_axviii, 702 p. : _bill. ; _c27 cm. |
||
| 500 | _a"Registration code" inserted. | ||
| 504 | _aIncludes bibliographical references (p. 641-676) and index. | ||
| 650 | 0 | _aOrganizational behavior. | |
| 700 | 1 | _aKonopaske, Robert. | |
| 700 | 1 | _aMatteson, Michael T. | |
| 856 | 4 | 1 |
_3Table of contents _uhttp://www.loc.gov/catdir/toc/mh041/2004053065.html |
| 942 |
_cTB _k658.4I932 |
||
| 999 |
_c1481 _d1481 |
||